000 006340000a22001930004500
090 _aAR
_b00479
245 1 0 _aDrought-induced cracks in the soil as refuges for small mammals: an unforeseen consequence of climatic change
650 1 4 _aCambio Climatico
_993250
650 1 4 _aUso del habitat
_93825
650 1 4 _aRoedores
_97408
650 1 4 _aEtología
_97606
653 _gSigmodon
_eSigmodon hispidus
653 _gPeromyscus
_ePeromyscus maniculatus
041 0 _aInglés
700 1 _aSlade, Norman A.
_993337
100 1 _aStokes, Michael K.
_993479
942 _cARTICULO
773 1 _tConservation Biology
_324
_h2
_q577-580
_d1994
_g8
999 _c9575
_d9575